Física para Ciencias e Ingeniería, Volumen 1 / (Record no. 23602)

000 -CABECERA
fixed length control field 01214nam a22002657i 4500
003 - IDENTIFICADOR DEL NÚMERO DE CONTROL
control field AR-CdUCM
008 - DATOS DE LONGITUD FIJA--INFORMACIÓN GENERAL
fixed length control field 260417b20182018mx d|||| |||| 00| 0 spa d
020 ## - NÚMERO INTERNACIONAL ESTÁNDAR DEL LIBRO
ISBN 978-607-526-669-5
040 ## - FUENTE DE LA CATALOGACIÓN
Agencia/entidad que catalogó originalmente la obra MUNICIPALIDAD PROVINCIAL DEL CUSCO
Entidad que transcribió la catalogación BIBLIOTECA MUNICIPAL DEL CUSCO
082 ## - NÚMERO DE LA CLASIFICACIÓN DECIMAL DEWEY
No. de la edición 10ª Ed.
No. de Clasificación 530
Notacion interna S42 / Vol. 1
100 ## - ENTRADA PRINCIPAL--NOMBRE DE PERSONA
Nombre Personal Serway, Raymond A. - Jewett Jr., John W.
245 ## - MENCIÓN DE TÍTULO
Título Física para Ciencias e Ingeniería, Volumen 1 /
260 ## - PUBLICACIÓN, DISTRIBUCIÓN, ETC.
Lugar de publicación, distribución, etc. México :
Nombre de la editorial, distribuidor, etc. Cengage Learning
Fecha de publicación, distribución, etc. 2018
300 ## - DESCRIPCIÓN FÍSICA
Nº de Páginas Extensión 642 páginas. :
Dimensiones 27x21 cm.
505 ## - NOTA DE CONTENIDO CON FORMATO
Nota de contenido formateada Física y medición -- Las leyes del movimiento -- Energía de un sistema -- Movimiento de proyectil -- Concepto de fuerza -- Masa -- Energía de un sistema -- Potencia -- Colisiones en una dimensión -- Presión -- Calor y energía interna -- Teoría cinética de los gases -- Vol.2. Electricidad y magnetismo -- Luz y óptica -- Potencial eléctrico -- Capacitancia y materiales dieléctricos
650 ## - PUNTO DE ACCESO ADICIONAL DE MATERIA--TÉRMINO DE MATERIA
Descriptor Física
9 (RLIN) 2382
650 ## - PUNTO DE ACCESO ADICIONAL DE MATERIA--TÉRMINO DE MATERIA
Descriptor Mecánica
9 (RLIN) 52570
650 ## - PUNTO DE ACCESO ADICIONAL DE MATERIA--TÉRMINO DE MATERIA
Descriptor Movimiento
9 (RLIN) 1984
650 ## - PUNTO DE ACCESO ADICIONAL DE MATERIA--TÉRMINO DE MATERIA
Descriptor Leyes
9 (RLIN) 4808
650 ## - PUNTO DE ACCESO ADICIONAL DE MATERIA--TÉRMINO DE MATERIA
Descriptor Energía
9 (RLIN) 15841
856 ## - LOCALIZACIÓN Y ACCESO ELECTRÓNICOS
Dirección electrónica http://latinoamerica.cengage.com
942 ## - ELEMENTOS DE PUNTO DE ACCESO ADICIONAL (KOHA)
Fuente de clasificación
Tipo de item Libros-BMC
945 ## - PROCESAMIENTO DE INFORMACIÓN LOCAL (OCLC)
Catalogador esh
AAAA-MM-DD - Fecha de ingreso o modificacion 17-04-2026
Holdings
Estado de retiro (separado) Fuente de clasificación o esquema de estanterías Estado dañado Ubicación Sala donde se ubica Nombre de la colección Fecha de adquisición o compra Fuente de adquisición Costo, precio normal en soles Signatura topográfica Código de Barras Última vez visto (Koha) Tipo de ítem (Koha)
No     Sala Ciencias Sala Ciencias Book Cart 2026-04-17 Donación 70.00 530 / S42 / Vol. 1 SC0000002462 2026-04-17 Libros-BMC
No     Sala Ciencias Sala Ciencias Book Cart 2026-04-17 Donación 70.00 530 / S42 / Vol. 2 SC0000002463 2026-04-17 Libros-BMC

Powered by Koha